Представление документа в формате MARC21

Поле Инд. ПП Название Значение
Тип записи a
Библиографический уровень a
001 Контрольный номер ca2a7d66db6941b29bb05eb3fb589619
005 Дата корректировки 20180409143749.5
020 a ISBN 978-5-7609-0971-8
040 a Служба первич. каталог. НБ ТвГУ
b Код языка каталог. rus
e Правила каталог. PSBO
041 0_ a Код языка текста rus
097 b Оператор batjaeva_g
100 1_ a Автор Маркарян Эльвира Сергеевна
q Полное имя Маркарян Э. С.
245 10 a Заглавие Исследование процесса формирования диссипативных структур в пористом анодном оксиде алюминия
260 a Место издания Тверь
b Издательство Тверской государственный университет
504 a Библиография Библиогр.: с. 260 (14 назв.)
520 0_ a Аннотация В данной работе рассмотрены процессы формирования диссипативных структур в пористом анодном оксиде алюминия. Использование теории бифуркаций обусловлено систематичностью процессов образования оксида. Были получены характерные зависимости кинетики роста анодного оксида. Пространственно-временная упорядоченность рассматривается как автоколебательные и автоволновые процессы.
653 0_ a Ключевые слова Анодный оксид алюминия
a Ключевые слова Кинетика роста
a Ключевые слова Диссипативные структуры
a Ключевые слова Точка бифуркации
773 18 w Контрольный № источника 9994464931ab44c0bbc2935be4440591
t Название источника Физико-химические аспекты изучения кластеров, наноструктур и наноматериалов
d Место и дата издания Тверь : Тверской государственный университет, 2014
g Прочая информация Вып. 6. - С. 253-260
856 40 u URL http://texts.lib.tversu.ru/texts/11585t.pdf
x Примечание для ЭОР Справка УИС 2016
i Дата подключения ЭОР 20170414
x Примечание для ЭОР Реестр суммарного учета сетевых локальных документов
900 a Имя макрообъекта 11585t
901 t Тип документа a
920 a Оператор Батя